000 02081cam a22004697a 4500
999 _c530089
_d530089
001 15225473
003 NUST
005 20191009122525.0
008 080319s2008 dcua bt f000 0 eng c
010 _a 2008925356
020 _a9780309098076 (pbk.)
020 _a0309098076 (pbk.)
035 _a(OCoLC)ocn263093941
038 _aMSOHAIL
040 _aTRL
_cTRL
_dOHDOT
_dPAU
_dIQU
_dDLC
042 _apcc
043 _an-us---
050 0 0 _aTE195
_b.S53 2008
082 0 0 _a625.70684
_222
245 1 0 _aSelection and evaluation of alternative contracting methods to accelerate project completion /
_cconsultants, Stuart D. Anderson and Ivan Damnjanovic.
260 _aWashington, D.C. :
_bTransportation Research Board,
_c2008.
300 _a60 p. :
_bill. ;
_c28 cm.
490 1 _aNCHRP synthesis,
_x0547-5570 ;
_v379
500 _aAt head of title: National Cooperative Highway Research Program.
500 _a"Research sponsored by the American Association of State Highway and Transportation Officials in cooperation with the Federal Highway Administration."
500 _a"A synthesis of highway practice."
504 _aIncludes bibliographical references (p. 58-59).
530 _aAlso available online.
536 _fNCHRP project 20-5, topic 38-12
650 0 _aRoad construction contracts
_zUnited States.
_921458
650 0 _aHighway engineering
_zUnited States
_xManagement.
_921278
700 1 _aDamnjanovic, Ivan,
_d1975-
_923409
710 2 _aNational Research Council (U.S.).
_bTransportation Research Board.
_923410
710 2 _aNational Cooperative Highway Research Program.
_920864
710 2 _aAmerican Association of State Highway and Transportation Officials.
_919553
710 1 _aUnited States.
_bFederal Highway Administration.
_920149
830 0 _aSynthesis of highway practice ;
_v379.
_923411
856 4 1 _3TRB access
_uhttp://onlinepubs.trb.org/onlinepubs/nchrp/nchrp_syn_379.pdf
906 _a7
_bcbc
_cpccadap
_d2
_encip
_f20
_gy-gencatlg
942 _2ddc
_cBK